| 000 | 00654nam a2200181Ia 4500 | ||
|---|---|---|---|
| 008 | 151018s9999 xx 000 0 und d | ||
| 082 |
_bRBASDV23456 _a891.463 |
||
| 100 | _aअनिल रघुनाथ कुलकर्णी | ||
| 245 | _aसॉलिटरी क्रिपस | ||
| 250 | _b1 | ||
| 260 |
_bविश्वमोहिनी _c1983 |
||
| 300 | _a180 | ||
| 600 | _aअनिल रघुनाथ कुलकर्णी | ||
| 630 | _aसॉलिटरी क्रिपस | ||
| 700 | _aअनिल रघुनाथ कुलकर्णी | ||
| 730 | _aसॉलिटरी क्रिपस | ||
| 942 | _cBOOK | ||
| 999 |
_c1023111 _d1023108 |
||